00377nam a2200133Ia 4500008004100000040001600041041001200057082001700069100001700086245006400103250001200167260004800179300001600227230917s9999||||xx |||||||||||||| ||und|| e69888aMAIN aEnglish a658.15 K952F aKuchhal, S C 0aFinancial management: An analytical and conceptual approach a4th ed. aAllahabadbChaitanya Publishing Housec1976 axvi, 620 p.